|
|
|
|
| LEADER |
00000cam a2200000 4500 |
| 001 |
vtls011828679 |
| 003 |
SK-MaSNL |
| 005 |
20260302055030.0 |
| 008 |
210624s2018 xo a brf 010 0 slo |
| 015 |
|
|
|a SNBA2019/04
|
| 020 |
|
|
|a 9788056607626
|q (brožované)
|
| 035 |
|
|
|a 48A48AB7-2030-40CA-9201-B0A02A577460
|
| 035 |
|
|
|a urn:nbn:sk:snk-am3ie1h
|
| 035 |
|
|
|a urn:nbn:sk:snk-am00e6hq
|
| 040 |
|
|
|a SNK
|b slo
|c SNK
|e rda
|
| 041 |
1 |
|
|a slo
|h eng
|
| 044 |
|
|
|a xo
|c SK
|
| 072 |
|
7 |
|a 82-93
|x Literatúra pre deti a mládež
|2 konspekt
|
| 080 |
|
|
|a 159.923
|2 2011
|
| 080 |
|
|
|a 17.023.34
|2 2011
|
| 080 |
|
|
|a (035)
|2 2011
|
| 080 |
|
|
|a (03)82-93-053.4/.6
|2 2011
|
| 100 |
1 |
|
|a Awesome, Elly
|4 aut
|9 714970
|
| 240 |
1 |
0 |
|a How to Feel Awesome Every Day
|l Slovensky
|
| 245 |
1 |
0 |
|a Miss Úžasná
|b úplne žasnem, že som akčná sebavedomá nádhernááách
|c Elly Awesome ; ilustrovala Astred Hicks ; z anglického originálu How to Feel Awesome Every Day ... preložila Magdaléna Poppelková
|
| 250 |
|
|
|a 1. slovenské vydanie
|
| 264 |
|
1 |
|a V Bratislave
|b CooBoo
|b Albatros Media Slovakia, s.r.o.
|c 2018
|
| 300 |
|
|
|a 189 strán
|b farebnéilustrácie
|c 21 cm
|
| 336 |
|
|
|a text
|b txt
|2 rdacontent
|
| 336 |
|
|
|a statický obraz
|b sti
|2 rdacontent
|
| 337 |
|
|
|a bez média
|b n
|2 rdamedia
|
| 338 |
|
|
|a zväzok
|b nc
|2 rdacarrier
|
| 500 |
|
|
|a Vydalo vydavateľstvo CooBoo v Bratislave v spoločnosti Albatros Media Slovakia, s.r.o.
|
| 650 |
0 |
7 |
|a sebavedomie
|2 SNKPH
|9 23453
|
| 650 |
0 |
7 |
|a šťastie
|2 SNKPH
|9 24114
|
| 650 |
0 |
7 |
|a životná harmónia
|2 SNKPH
|9 4976
|
| 650 |
0 |
7 |
|a dievčatá
|2 SNKPH
|9 771
|
| 650 |
0 |
7 |
|a Self-confidence
|2 SNKPHeng
|9 302737
|
| 650 |
0 |
7 |
|a Happiness
|2 SNKPHeng
|9 316494
|
| 650 |
0 |
7 |
|a Harmony of life
|2 SNKPHeng
|9 306452
|
| 650 |
0 |
7 |
|a Girls
|2 SNKPHeng
|9 274652
|
| 655 |
|
7 |
|a publikácie pre deti a mládež
|2 SNKPH
|9 70541
|
| 655 |
|
7 |
|a príručky
|2 SNKPH
|9 74364
|
| 655 |
|
7 |
|a Publications for children and youth
|2 SNKPHeng
|9 285708
|
| 655 |
|
7 |
|a Handbooks, manuals, etc.
|2 SNKPHeng
|9 90964
|
| 700 |
1 |
|
|a Poppelková, Magdaléna
|c (prekladateľka)
|4 trl
|9 53077
|
| 700 |
1 |
|
|a Hicks, Astred
|4 ill
|9 714971
|
| 752 |
|
|
|a Slovensko
|d Bratislava
|
| 919 |
|
|
|a 978-80-566-0762-6
|
| 958 |
|
|
|a UP
|
| 958 |
|
|
|a DB
|
| 968 |
|
|
|b ENG
|
| 999 |
|
|
|c 1115721
|d 1117651
|
| 952 |
|
|
|a SNK
|b SNK
|y PREZ
|7 0
|p 17A1361791
|o snkSC 183518
|i snk2019/8237
|8 0
|0 0
|1 0
|4 0
|d 2019-03-25
|f 1
|l 0
|r 2026-02-24 18:15:04
|w 2026-02-24
|
| 952 |
|
|
|a SNK
|b SNK
|y VYP
|7 0
|p 17A1361792
|o snkSC 183518 D1
|i snk2019/8238
|8 0
|0 0
|1 0
|4 0
|d 2019-03-25
|l 0
|r 2026-02-24 18:15:04
|w 2026-02-24
|